| 000 | 00623cam a22002053a 4500 | ||
|---|---|---|---|
| 001 | 43805 | ||
| 003 | PGUSA | ||
| 005 | 20140828084009.0 | ||
| 008 | 130923s2013||||xxu|||||s|||||000 | eng d | ||
| 040 |
_aPGUSA _beng |
||
| 042 | _adc | ||
| 100 | 1 | _aReveirs-Hopkins, A. E. | |
| 245 | 1 | 0 |
_aLittle Books About Old Furniture. Volume II. The Period of Queen Anne _h[electronic resource] / _cA. E. Reveirs-Hopkins |
| 260 |
_bProject Gutenberg, _c2013 |
||
| 506 | _aPublic domain in the USA. | ||
| 516 | _aElectronic text | ||
| 830 | 0 |
_aProject Gutenberg _v43805 |
|
| 856 | 4 | 0 | _uhttp://www.gutenberg.org/ebooks/43805 |
| 942 | _cEB | ||
| 999 |
_c273056 _d273056 |
||